书目信息 |
| 题名: |
磨具选择
|
|
| 作者: | ;郑州磨料磨具磨削研究所 编 | |
| 分册: | ||
| 出版信息: | 北京 机械工业出版社 1919 |
|
| 页数: | 130页 | |
| 开本: | 19cm | |
| 丛书名: | ||
| 单 册: | ||
| 中图分类: | TG74 | |
| 科图分类: | ||
| 主题词: | 磨具 , 研具 | |
| 电子资源: | ||
| ISBN: | ||
| 000 | 00574nam0 2200205 45 | |
| 001 | 0405211407 | |
| 005 | 20040521145807.1 | |
| 010 | @dCNY0.95 | |
| 100 | @a20040521d1919 km y0chiy0120 ea | |
| 101 | 0 | @achi |
| 105 | @a z 000yy | |
| 200 | 1 | @a磨具选择@AMo Ju Xuan Ze@f郑州磨料磨具磨削研究所编@FZheng Zhou Mo Liao Mo Ju Mo Xue Yan Jiu Suo Bian |
| 210 | @a北京@c机械工业出版社@d1919 | |
| 215 | @a130页@d19cm | |
| 606 | 0 | @a磨具 |
| 606 | 0 | @a研具 |
| 690 | @aTG74@v3 | |
| 711 | 02 | @a郑州磨料磨具磨削研究所@4编 |
| 801 | @aCN@bPftUser@c20040521 | |
| 905 | @f1@b17990@dTG74@e20 | |
| 磨具选择/郑州磨料磨具磨削研究所编.-北京:机械工业出版社,1919 |
| 130页;19cm |
| ISBN :CNY0.95 |
| ● |
| 相关链接 |
|
|
|
|
正题名:磨具选择
索取号:TG74/20
 
预约/预借
| 序号 | 登录号 | 条形码 | 馆藏地/架位号 | 状态 | 备注 |
| 1 | 0017990 | 001362812 | 第三借阅区/ [索取号:TG74/20] | 在馆 |